Films directed by David Lynch - Statistics

General Stats
  • This quiz has been taken 1,446 times
  • The average score is 8 of 10
Answer Stats
Hint Answer % Correct
1986 Blue Velvet
93%
1977 Eraserhead
93%
2001 Mulholland Drive
93%
1980 Elephant Man
82%
1984 Dune
76%
1997 Lost Highway
76%
1992 Twin Peaks: Fire Walk With Me
71%
2006 Inland Empire
70%
1990 Wild at Heart
65%
1999 Straight Story
55%
No matching quizzes found
Score Distribution
Percent of People with Each Score
Percentile by Number Answered
Your Score History
You have not taken this quiz